| 000 | 00000nam 2200000za 4500 |
| 001 | 9.602387 |
| 003 | CaOODSP |
| 005 | 20210624210541 |
| 007 | cr ||||||||||| |
| 008 | 150406|1999||||xxc|||||o f|0| 0 fre d |
| 040 | |aCaOODSP|bfre |
| 043 | |an-cn--- |
| 086 | 1 |aC21-25/7-1999F-PDF |
| 110 | 1 |aCanada. |bIndustrie Canada. |bDirection générale de l'analyse de la politique micro-économique. |
| 245 | 10|aConséquences des restrictions à la propriété étrangère pour l'économie canadienne |h[ressource électronique] : |bune analyse sectorielle / |cpar Steven Globerman. |
| 260 | |aOttawa : |bIndustrie Canada, |cAvril 1999. |
| 300 | |a48 p. |
| 490 | 1 |aDocument de discussion ; |vN° 7 |
| 500 | |aLe n° de catalogue (C21-25/7-1999) et l'ISBN (0-662-64203-1) de l'édition imprimée bilingue ont été incorrectement copiés dans l'édition électronique. |
| 504 | |aBibliographie. |
| 520 | 3 |aCette étude vise à évaluer les conséquences sectorielles des restrictions à la propriété étrangère au Canada. L'évaluation se fonde en bonne partie sur un examen de la documentation disponible, bien qu'elle comporte aussi une analyse théorique originale.--Introduction |
| 590 | |a11-25-Supp|b2011-10-31 |
| 691 | 07|aConditions économiques|2gcpds |
| 691 | 07|aInvestissement étranger|2gcpds |
| 691 | 07|aPolitique étrangère|2gcpds |
| 720 | 1 |aGloberman, Steven |
| 775 | 08|tImplications of foreign ownership restrictions for the Canadian economy |w(CaOODSP)9.571967 |
| 776 | 0#|tImplications of foreign ownership restrictions for the Canadian economy: a sectoral analysis / |w(CaOODSP)9.531926 |
| 776 | 0#|tConséquences des restrictions à la propriété étrangère pour l'économie canadienne: une analyse sectorielle / |w(CaOODSP)9.531927 |
| 830 | #0|aDocument de discussion (Canada. Industrie Canada : En ligne)|vN° 7|w(CaOODSP)9.500838 |
| 856 | 40|ahttp://publications.gc.ca|qPDF|s132 Ko|uhttps://publications.gc.ca/collections/Collection/C21-25-7-1999F.pdf|yN° 7 |